000 00258nam a2200109Ia 4500
008 240625s9999 xx 000 0 und d
041 _aeng
082 _a658.404 MAN
100 _aMANTEL SAMUEL J
245 _aPROJECT MANAGEMENT CORE TEXTBOOK
260 _c2009
999 _c40136
_d40136